<?xml version="1.0" encoding="UTF-8"?><?xml-stylesheet type="text/xsl" href="static/style.xsl"?><OAI-PMH xmlns="http://www.openarchives.org/OAI/2.0/" xmlns:xsi="http://www.w3.org/2001/XMLSchema-instance" xsi:schemaLocation="http://www.openarchives.org/OAI/2.0/ http://www.openarchives.org/OAI/2.0/OAI-PMH.xsd"><responseDate>2026-04-13T07:16:21Z</responseDate><request verb="GetRecord" identifier="oai:www.recercat.cat:2445/215762" metadataPrefix="marc">https://recercat.cat/oai/request</request><GetRecord><record><header><identifier>oai:recercat.cat:2445/215762</identifier><datestamp>2025-12-05T12:37:29Z</datestamp><setSpec>com_2072_1057</setSpec><setSpec>col_2072_478916</setSpec><setSpec>col_2072_478917</setSpec></header><metadata><record xmlns="http://www.loc.gov/MARC21/slim" xmlns:dcterms="http://purl.org/dc/terms/" xmlns:xsi="http://www.w3.org/2001/XMLSchema-instance" xmlns:doc="http://www.lyncode.com/xoai" xsi:schemaLocation="http://www.loc.gov/MARC21/slim http://www.loc.gov/standards/marcxml/schema/MARC21slim.xsd">
   <leader>00925njm 22002777a 4500</leader>
   <datafield ind2=" " ind1=" " tag="042">
      <subfield code="a">dc</subfield>
   </datafield>
   <datafield ind2=" " ind1=" " tag="720">
      <subfield code="a">Buades, Juan Manuel</subfield>
      <subfield code="e">author</subfield>
   </datafield>
   <datafield ind2=" " ind1=" " tag="720">
      <subfield code="a">Figueras Nart, Ignasi</subfield>
      <subfield code="e">author</subfield>
   </datafield>
   <datafield ind2=" " ind1=" " tag="720">
      <subfield code="a">Goicoechea, Marian</subfield>
      <subfield code="e">author</subfield>
   </datafield>
   <datafield ind2=" " ind1=" " tag="720">
      <subfield code="a">Sánchez Villanueva, Rafael Jesús</subfield>
      <subfield code="e">author</subfield>
   </datafield>
   <datafield ind2=" " ind1=" " tag="720">
      <subfield code="a">Serra Baldrich, Esther</subfield>
      <subfield code="e">author</subfield>
   </datafield>
   <datafield ind2=" " ind1=" " tag="260">
      <subfield code="c">2024-10-14T13:46:33Z</subfield>
   </datafield>
   <datafield ind2=" " ind1=" " tag="260">
      <subfield code="c">2024-10-14T13:46:33Z</subfield>
   </datafield>
   <datafield ind2=" " ind1=" " tag="260">
      <subfield code="c">2024-07-01</subfield>
   </datafield>
   <datafield ind2=" " ind1=" " tag="260">
      <subfield code="c">2024-10-01T11:41:51Z</subfield>
   </datafield>
   <datafield ind2=" " ind1=" " tag="520">
      <subfield code="a">Chronic kidney disease-associated pruritus (CKD-aP) is one of the most common and disabling comorbidities in patients with advanced CKD. In addition, it is associated with an increased risk of mortality, poorer quality of life, sleep disorders, mental health disorders, and increased use of health care resources. The clinical presentation of CKD-aP is very heterogeneous, making it difficult to diagnose and treat. Currently, there are no national guidelines on the management of CKD-aP. The aim of this document is to provide national consensus recommendations for the diagnostic and therapeutic management of CKD-aP. The document was prepared in three phases: a diagnostic and therapeutic management algorithm was proposed by a small group of nephrology specialists; the proposal was validated by a larger group of nephrologists; and a second validation by a multidisciplinary group that also included dermatology specialists. The diagnostic and therapeutic management algorithm attempts to cover the current need of a lack of specific guidelines for the adequate management of CKD-aP. At the same time, it introduces the use of difelikefalin, the first and only drug specifically approved for CKD-aP, with a good safety and efficacy profile. (c) 2023 Published by Elsevier Espa na, a, S.L.U. on behalf of Sociedad Espa nola ola de Nefrolog &amp; imath;a. This is an open access article under the CC BY-NC-ND license (http://creativecommons. org/licenses/by-nc-nd/4.0/).</subfield>
   </datafield>
   <datafield tag="653" ind2=" " ind1=" ">
      <subfield code="a">Pruïja</subfield>
   </datafield>
   <datafield tag="653" ind2=" " ind1=" ">
      <subfield code="a">Insuficiència renal crònica</subfield>
   </datafield>
   <datafield tag="653" ind2=" " ind1=" ">
      <subfield code="a">Itching</subfield>
   </datafield>
   <datafield tag="653" ind2=" " ind1=" ">
      <subfield code="a">Chronic renal failure</subfield>
   </datafield>
   <datafield ind2="0" ind1="0" tag="245">
      <subfield code="a">Documento de información y consenso para el manejo diagnóstico y terapéutico del prurito asociado a la enfermedad renal crónica en pacientes en hemodiálisis en España</subfield>
   </datafield>
</record></metadata></record></GetRecord></OAI-PMH>